| 000 | 00719nam a2200217 a 4500 | ||
|---|---|---|---|
| 001 | BRL_456 | ||
| 005 | 20190320210741.0 | ||
| 008 | 140813s1995----mx-a######---#000-0#spa-# | ||
| 041 | _aspa | ||
| 044 | _amx | ||
| 050 | 4 |
_aF1311.S35 _b.H47 1995 |
|
| 100 | 1 |
_aHernéndez Chapa, Guillermo _923966 |
|
| 245 | 1 | 0 |
_aHerencia e Identidad _bSanta Catarina un Pueblo Náhuatl _cGuillermo Hernández Chapa. |
| 260 |
_aMorelos, México _bPACMYC, Dirección General de Cultaras Populares, Unidad Regional Morelos _c1995 |
||
| 300 |
_a83 p. _bil. _c21 cm. |
||
| 500 | _aAu490 | ||
| 650 | 1 | 4 |
_aNahuas _xVida social y costumbres _zMorelos _923967 |
| 651 | 4 |
_aSanta Catarina, Morelos _xHistoria _923968 |
|
| 902 | _aGRL | ||
| 942 |
_2lcc _cB |
||
| 999 |
_c9268 _d9268 |
||